[Event "SVR-chA"]
[Site "Reil"]
[Date "2000.??.??"]
[Round "8"]
[White "Schneider, Frank"]
[Black "Walter, Berthold"]
[Result "0-1"]
[WhiteElo "2104"]
[BlackElo "2092"]
[PlyCount "60"]
[EventDate "2000.??.??"]
[EventType "tourn"]
[EventRounds "9"]
[EventCountry "GER"]
[SourceTitle "EXT 2002"]
[Source "ChessBase"]
[SourceDate "2001.11.25"]
[SourceVersion "1"]
[SourceVersionDate "2001.11.25"]
[SourceQuality "1"]

1. e4 e5 2. f4 exf4 3. Nf3 Nf6 4. e5 Nh5 5. d4 d6 6. Qe2 d5 7. c4 g5 8. g4 Ng7 9. h4 Bxg4 10. hxg5 Ne6 11. Bg2 Nxd4 12. Qd3 Bxf3 13. Bxf3 dxc4 14. Qe4 Nbc6 15. Bxf4 Nxf3+ 16. Qxf3 Qd4 17. Nc3 0-0-0 18. Rd1 Qb6 19. Rxd8+ Nxd8 20. Rh2 Qg1+ 21. Kd2 Qd4+ 22. Kc1 Ne6 23. Be3 Qxe5 24. Rd2 Bc5 25. Bxc5 Nxc5 26. Qxf7 Qxg5 27. Nd5 Nd3+ 28. Kd1 Qg1+ 29. Ke2 Qe1+ 30. Kf3 Qf1+ 0-1